Súčasť budovania inštitúcie koncepcia integrovaného informačného systému Sociálnej poisťovne do roku 2003
Súčasťou inštitucionálneho dobudovania Sociálnej poisťovne je aj vytvorenie integrovaného informačného systému Sociálnej poisťovne ako neoddeliteľnej podpornej súčasti výkonu sociálneho zabezpečenia. Dôraz na podporu pracovných postupov informačnými a komunikačnými technológiami. Hlavné úlohy inform...
Salvato in:
| Autore principale: | |
|---|---|
| Natura: | Capitolo di libro |
| Lingua: | slovacco |
| Soggetti: | |
| Tags: |
Nessun Tag, puoi essere il primo ad aggiungerne!!
|
MARC
| LEADER | 00000naa a2200000 4500 | ||
|---|---|---|---|
| 001 | r033889 | ||
| 005 | 20230925071924.9 | ||
| 041 | 0 | |a slo | |
| 044 | |a SK | ||
| 245 | 1 | 0 | |a Súčasť budovania inštitúcie |b koncepcia integrovaného informačného systému Sociálnej poisťovne do roku 2003 |c Milan Hupka |
| 520 | |a Súčasťou inštitucionálneho dobudovania Sociálnej poisťovne je aj vytvorenie integrovaného informačného systému Sociálnej poisťovne ako neoddeliteľnej podpornej súčasti výkonu sociálneho zabezpečenia. Dôraz na podporu pracovných postupov informačnými a komunikačnými technológiami. Hlavné úlohy informatizácie Sociálnej poisťovne. | ||
| 610 | 2 | 0 | |a systémy informačné integrované |
| 610 | 2 | 0 | |a zabezpečenie sociálne |
| 610 | 2 | 0 | |a technológie informačné |
| 610 | 2 | 0 | |a technológie komunikačné |
| 610 | 2 | 0 | |a Sociálna poisťovňa, a.s. Bratislava |
| 610 | 2 | 0 | |a 2003 |
| 610 | 2 | 0 | |a Slovensko |
| 100 | 1 | |a Hupka, Milan | |